Hindu ethics: Principles of Hindu religio-social regeneration (Record no. 394311)

MARC details
000 -LEADER
fixed length control field 00529 a2200193 4500
005 - DATE & TIME
control field 20260401112224.0
008 - FIXED-LENGTH DATA ELEMENTS--GENERAL INFORMATION
fixed length control field 260319b |||||||| |||| 00| 0 eng d
020 ## - ISBN
International Standard Book Number 9789356170445
Price Rs. 795.00
040 ## - CATALOGING SOURCE
Original cataloging agency VIVEKANANDA LIBRARY
082 ## - DDC NUMBER
Classification number 294.5
Book Number D26H
100 ## - MAIN ENTRY--PERSONAL NAME
Personal name Das, Babu Govinda
245 ## - TITLE STATEMENT
Title Hindu ethics: Principles of Hindu religio-social regeneration
260 ## - PUBLICATION, DISTRIBUTION, ETC. (IMPRINT)
Name of publisher, distributor, etc Shri Sai Printographers
Place of publication, distribution, etc New Delhi
Date of publication, distribution, etc 2026
300 ## - PHYSICAL DESCRIPTION
Pages xxxiii, 129
650 ## - Subject
Subject Religion
650 ## - Subject
Subject Hindu Nationalism
650 ## - Subject
Subject Customs
942 ## - ADDED ENTRY ELEMENTS (KOHA)
Koha item type Books
Holdings
Withdrawn status Lost status Source of classification or shelving scheme Damaged status Not for loan Location (home branch) Sublocation or collection (holding branch) Shelving location Date acquired Koha issues (times borrowed) Koha full call number Accession No. Koha date last seen Koha item type
    Dewey Decimal Classification     VIVEKANANDA LIBRARY VIVEKANANDA LIBRARY Vivekananda Library 18/02/2026   294.5 D26H 438421 18/02/2026 Books
© Designed and Maintained by Vivekananda Library, MDU Rohtak